[Event "6th V.Nabokov Mem"]
[Site "Kyiv UKR"]
[Date "2008.04.04"]
[Round "1"]
[White "Nyzhnyk,I"]
[Black "Baryshpolets,A"]
[Result "1/2-1/2"]
[WhiteElo "2397"]
[BlackElo "2409"]

1.d4 Nf6 2.c4 g6 3.Nc3 Bg7 4.e4 d6 5.Nf3 O-O 6.Be2 e5 7.dxe5 dxe5 8.Qxd8 Rxd8
9.Bg5 Re8 10.Nd5 Nxd5 11.cxd5 c6 12.Bc4 b5 13.Bb3 Bb7 14.Rc1 a5 15.a4 Rc8
16.O-O bxa4 17.Bxa4 cxd5 18.Rxc8+ Bxc8 19.Rc1 Bd7 20.exd5 e4 21.Nd2 h6 22.Bf4 g5
23.Bxb8 Bxa4 24.Rc8+ Kh7 25.Nc4 Bd4 26.Rf8 Bg7 27.Rc8 Bd4 28.d6 Bd7 29.Rd8 Be6
30.d7 Bf6 31.Rf8 Bxc4 32.d8=Q Bxd8 33.Rxd8 a4 34.h3 Be6 35.Bc7 Ra7 36.Be5 h5
37.Rd4 Bf5 38.Rd8 Bd7 39.Bd4 Rb7 40.Kh2 h4 41.Rh8+ Kg6 42.g4 hxg3+ 43.Kxg3 Rb3+
44.Kg2 Rd3 45.Be3 f6 46.Rg8+ Kf5 47.Rb8 Be6 48.h4 gxh4 49.Rh8 Rb3 50.Rxh4 Rxb2
51.Rh5+ Kg4 52.Ra5 Rb4 53.Ra6 Kf5 54.Kg3 Bc4 55.Ra7 Bd3 56.Kg2 Bb5 57.Bc5 Rc4
58.Be3 Rb4 59.Bc5 Rb3 60.Bd4 Rd3 61.Be3 Ke5 62.Re7+ Kd6 63.Ra7 Kd5 64.Kg3 Kc4
65.Kf4 Rd7 66.Ra8 Rd6 67.Rc8+ Rc6 68.Rd8 a3 69.Kxe4 a2 70.Bd4 Re6+ 71.Kf3 f5
72.Bg7 Re7 73.Rc8+ Kb3 74.Bd4 Re4 75.Bf6 Be2+ 76.Kg3 Rg4+ 77.Kh2 Bf3 78.Rc3+ Kb4
79.Rxf3 Rg6 80.Bc3+ Kb3 81.Be5+ Kc2 82.Ra3 Kb1 83.Rb3+ Kc1 84.Ba1 Rg4 85.Rb2 Ra4
86.Kg3 Rg4+ 87.Kf3 Ra4 88.Ke2 Re4+ 89.Kd3 Ra4 90.Re2 Ra3+ 91.Kc4 Kd1 92.Rb2 Ke1
93.f4 Ra4+ 94.Kd3 Rxf4 95.Rxa2 Rf3+ 96.Kd4 Rf2 97.Bc3+ Kf1 98.Ra5 Kg2 99.Ra6 Kf3
100.Kd3 Kf4 101.Bd2+ Ke5 102.Ke3 Rf1 103.Bc3+ Kd5 104.Rf6 Kc4 105.Bd2 Kd5
106.Ke2 Rb1 107.Rxf5+ Ke6 108.Rh5 Rb3 109.Be3 Rc3 110.Kf3 Rc6 111.Ke4 Kd6
112.Bf4+ Ke6 113.Be5 Rc4+ 114.Bd4 Rc6 115.Bc5 Kf7 116.Kd5 Ra6 117.Rh1 Ra2
118.Rf1+ Kg6 119.Bd6 Rg2 120.Be5 Rg4 121.Ke6 Kg5 122.Rf8 Kg6 123.Bf4 Kg7
124.Ke7 Kg6 125.Rf6+ Kg7 126.Be5 Rg6 127.Rf5+ Kh6 128.Bf4+ Kg7 129.Be5+ Kh7
130.Rf1 Ra6 131.Kf7 Ra7+ 132.Ke6 Ra6+ 133.Bd6 Kg6 134.Rg1+ Kh6 135.Ke5 Rb6
136.Bf8+ Kh5 137.Kf5 Rb5+ 138.Kf4 Rb3 139.Bd6 Rc3 140.Be5 Ra3 141.Rg8 Ra6
142.Kf5 Rb6 143.Rg5+ Kh4 144.Rg2 Rb3 145.Bf6+ Kh3 146.Rg8 Rf3+ 147.Ke5 Rg3
148.Bg5 Kg2 149.Kf5 Rd3 150.Ke4 Rg3 151.Kf5 Rd3 152.Bf4+ Kf3 153.Rh8 Rd5+
154.Be5 Rd3 155.Rh3+ Ke2 156.Bg3 Kf3 157.Bh4+ Ke2 158.Rh2+ Kf3  1/2-1/2

[Event "6th V.Nabokov Mem"]
[Site "Kyiv UKR"]
[Date "2008.04.04"]
[Round "1"]
[White "Shishkin,Va UKR"]
[Black "Moliboga,V"]
[Result "1-0"]
[WhiteElo "2510"]
[BlackElo "2271"]

1.d4 Nf6 2.c4 g6 3.Nc3 Bg7 4.e4 d6 5.Be2 O-O 6.Nf3 e5 7.Be3 Nbd7 8.O-O h6
9.d5 Ne8 10.Qd2 Kh7 11.Ne1 f5 12.exf5 gxf5 13.f4 Nef6 14.fxe5 Nxe5 15.Nf3 Nfg4
16.Bf4 Ng6 17.h3 Nxf4 18.Qxf4 Ne5 19.Nd4 c5 20.Ne6 Bxe6 21.dxe6 Ng6 22.Qf3 Qg5
23.Bd3 Kh8 24.Rae1 Rae8 25.Kh1 Ne5 26.Qd5 Nxd3 27.Qxd3 Be5 28.Nd5 Rxe6 29.g4 f4
30.Qf3 b6 31.Re2 Qg7 32.b3 Ree8 33.Rfe1 Qb7 34.a4 Qf7 35.Re4 Qb7 36.R1e2 a6
37.Kg2 Rb8 38.Rf2 b5 39.axb5 axb5 40.Qd3 bxc4 41.bxc4 Ra8 42.Ree2 Ra1 43.Qg6 Qg7
44.Qxg7+ Kxg7 45.Ne7 Rc1 46.Nf5+ Rxf5 47.gxf5 Rxc4 48.Rf3 Kf6 49.Rd3 Kxf5
50.Kf3 Rc1 51.Red2 c4 52.Ra3 c3 53.Rda2 Rd1 54.Ra4 Rd3+ 55.Kg2  1-0

[Event "Sozina Open"]
[Site "Bar MNE"]
[Date "2008.04.05"]
[Round "9"]
[White "Damjanovic,D"]
[Black "Rama,L"]
[Result "1-0"]
[WhiteElo "2301"]
[BlackElo "2316"]

1.d4 Nf6 2.c4 g6 3.Nc3 Bg7 4.e4 d6 5.Nf3 O-O 6.Be2 e5 7.O-O Nh5 8.g3 Bh3
9.Re1 exd4 10.Nxd4 Nf6 11.Bg5 h6 12.Be3 c6 13.Qd2 Kh7 14.f3 Nbd7 15.Nd1 Ne5
16.Nf2 Bc8 17.h3 d5 18.f4 Nxc4 19.Bxc4 dxc4 20.Qc2 Nh5 21.Rad1 Nxg3 22.Nf5 gxf5
23.Rxd8 Rxd8 24.e5 Bf8 25.Kh2 Nh5 26.Qxc4 Be6 27.Qc2 Be7 28.Qe2 Ng7 29.b3 a5
30.Qc2 a4 31.bxa4 Bb4 32.Rg1 Rg8 33.Ng4 Nh5 34.Rg2 Rg6 35.Qb1 Rag8  1-0

[Event "TCh-RUS Major League"]
[Site "Dagomys RUS"]
[Date "2008.04.05"]
[Round "3"]
[White "Zacurdajev,M"]
[Black "Iskusnyh,S"]
[Result "0-1"]
[WhiteElo "2389"]
[BlackElo "2467"]

1.d4 Nf6 2.c4 g6 3.Nc3 Bg7 4.e4 d6 5.Nf3 O-O 6.Be2 Nbd7 7.O-O e5 8.Re1 Re8
9.d5 Nh5 10.Bg5 Bf6 11.Be3 Ng7 12.g4 Be7 13.Kh1 Nf6 14.Nd2 h5 15.h3 Qd7 16.f3 Nh7
17.c5 Rf8 18.cxd6 cxd6 19.Nb5 f5 20.Nxa7 Bg5 21.Bg1 hxg4 22.fxg4 Bxd2 23.Qxd2 f4
24.Nxc8 Raxc8 25.Bf3 Nh5 26.b3 Ng5 27.Kg2 Nf6 28.Bf2 Nxf3 29.Kxf3 g5 30.Rac1 Qh7
31.h4 gxh4 32.Rxc8 Rxc8 33.Qd3 h3 34.Rh1 Qg6 35.Ke2 Nxe4 36.Qxh3 Rc2+ 37.Kf1 Rc1+
38.Ke2 Nc3+  0-1

[Event "TCh-RUS w"]
[Site "Dagomys RUS"]
[Date "2008.04.05"]
[Round "4"]
[White "Nebolsina,V"]
[Black "Ivkina,O"]
[Result "1-0"]
[WhiteElo "2345"]
[BlackElo "2278"]

1.d4 Nf6 2.c4 g6 3.Nc3 Bg7 4.e4 d6 5.Be2 O-O 6.Nf3 Na6 7.O-O e5 8.Re1 Qe8
9.Bf1 Bg4 10.d5 Nc5 11.b4 Bxf3 12.Qxf3 Na4 13.Nb5 Qd7 14.Bg5 Nh5 15.Qd1 a6
16.Nxc7 Rac8 17.Ne6 fxe6 18.dxe6 Qxe6 19.Qxa4 Qg4 20.Be7 Nf4 21.Qb3 Rf7 22.Bxd6 Ne6
23.Qg3 Qxg3 24.hxg3 Nd4 25.c5 Rd7 26.Bc4+ Kh8 27.Rac1 b5 28.Bf1 Rcd8 29.f4 Rxd6
30.cxd6 h5 31.Rc5 Rxd6 32.fxe5 Re6 33.Rd1 Nc6 34.a4 Bxe5 35.axb5 axb5 36.Rxb5 Bc3
37.Bc4 Rf6 38.Rb7 Ne5 39.Rd8+  1-0

[Event "ch-NED"]
[Site "Hilversum NED"]
[Date "2008.04.05"]
[Round "4"]
[White "De Jong,JW"]
[Black "Brandenburg,D"]
[Result "1/2-1/2"]
[WhiteElo "2474"]
[BlackElo "2435"]

1.d4 Nf6 2.c4 g6 3.Nc3 Bg7 4.e4 d6 5.Be2 O-O 6.Nf3 e5 7.Be3 Na6 8.O-O Ng4
9.Bg5 Qe8 10.Re1 exd4 11.Nxd4 Qe5 12.Nf3 Qc5 13.Bh4 Be6 14.Nd2 Ne5 15.Nb3 Qb6
16.Nd5 Bxd5 17.cxd5 Nd7 18.Bg5  1/2-1/2

[Event "FSIM April"]
[Site "Budapest HUN"]
[Date "2008.04.06"]
[Round "2"]
[White "Balazs,G2"]
[Black "Van der Nat,N"]
[Result "0-1"]
[WhiteElo "2278"]
[BlackElo "2265"]

1.d4 Nf6 2.c4 g6 3.Nc3 Bg7 4.e4 d6 5.Be2 O-O 6.Be3 e5 7.Nf3 exd4 8.Nxd4 c6
9.f3 Re8 10.Bf2 d5 11.exd5 cxd5 12.c5 Nc6 13.O-O Nh5 14.Qd2 Be5 15.g3 Ng7
16.Rfd1 Be6 17.Nxe6 fxe6 18.Nb5 a6 19.Nd4 Qf6 20.f4 Bxd4 21.Bxd4 Nxd4 22.Qxd4 Qxd4+
23.Rxd4 Rec8 24.Rc1 a5 25.Rc3 Ne8 26.Ra4 Nf6 27.Bf3 Nd7 28.Rca3 Rxc5 29.b4 Rc1+
30.Kg2 b6 31.g4 Kf7 32.f5 gxf5 33.gxf5 Rc4 34.Re3 Rg8+ 35.Kf2 Nc5 36.fxe6+ Ke7
37.Raa3 d4 38.Re5 Rxb4 39.Rh5 Rb2+ 40.Ke1 Rg7 41.Be2 Ne4 42.Bd3 Nd2 43.Kd1 Nf3  0-1

[Event "TCh-RUS Major League"]
[Site "Dagomys RUS"]
[Date "2008.04.06"]
[Round "4"]
[White "Shimanov,A"]
[Black "Chuprov,D"]
[Result "0-1"]
[WhiteElo "2480"]
[BlackElo "2575"]

1.Nf3 d6 2.d4 Nf6 3.c4 g6 4.Nc3 Bg7 5.e4 O-O 6.Be2 e5 7.Be3 Ng4 8.Bg5 f6
9.Bc1 exd4 10.Nxd4 f5 11.h3 Nh6 12.exf5 Nxf5 13.Nxf5 Bxf5 14.Be3 Nc6 15.Qd2 Qh4
16.Rd1 Rae8 17.O-O Be6 18.Nd5 Bxh3 19.gxh3 Qxh3 20.Nf4 Rxf4 21.Bxf4 Nd4 22.Be3 Be5
23.f4 Qg3+ 24.Kh1 Qh3+ 25.Kg1 Bf6 26.Bxd4 Bxd4+ 27.Qxd4 Qg3+  0-1

[Event "TCh-RUS Major League"]
[Site "Dagomys RUS"]
[Date "2008.04.06"]
[Round "4"]
[White "Pogromsky,M"]
[Black "Abasheev,D"]
[Result "1-0"]
[WhiteElo "2399"]
[BlackElo "2428"]

1.d4 Nf6 2.c4 g6 3.Nc3 Bg7 4.e4 d6 5.Nf3 O-O 6.Be2 e5 7.O-O Na6 8.Be3 h6
9.dxe5 Ng4 10.Bd2 Nxe5 11.Nxe5 dxe5 12.Qc1 Kh7 13.Rd1 Qh4 14.Be3 c6 15.g3 Qe7
16.Qd2 Re8 17.Qd6 Qxd6 18.Rxd6 Bf8 19.Rd2 Nc5 20.Rad1 a5 21.Rd8 Be6 22.Rxe8 Rxe8
23.f3 Bc8 24.Bf1 Kg7 25.h4 f5 26.Kh2 Kf7 27.h5 gxh5 28.Bh3 h4 29.gxh4 fxe4
30.Bxc8 Rxc8 31.Bxc5 Bxc5 32.Nxe4 Be7 33.Nd6+ Bxd6 34.Rxd6 e4 35.fxe4 Re8
36.Rxh6 Rxe4 37.b3 Kg7 38.Rd6 Re2+ 39.Kg3 Rxa2 40.Rd7+ Kg6 41.Rxb7 a4 42.b4 Rb2
43.Kf4 c5 44.Rb6+ Kf7 45.bxc5 a3 46.Ra6 Rc2 47.Ke5 Rxc4 48.Kd6 Rd4+ 49.Kc7 Rxh4
50.Rxa3 Ke7  1-0

[Event "TCh-RUS w"]
[Site "Dagomys RUS"]
[Date "2008.04.06"]
[Round "5"]
[White "Zhao Xue"]
[Black "Lahno,K"]
[Result "1/2-1/2"]
[WhiteElo "2523"]
[BlackElo "2479"]

1.c4 Nf6 2.Nc3 g6 3.e4 Bg7 4.d4 d6 5.Nf3 O-O 6.Be2 e5 7.Be3 Ng4 8.Bg5 f6
9.Bh4 g5 10.Bg3 Nh6 11.d5 Nd7 12.Nd2 f5 13.exf5 Nf6 14.Nde4 Nxe4 15.Nxe4 Nxf5
16.O-O Nd4 17.Bg4 Bf5 18.Bxf5 Rxf5 19.f3 Qd7 20.Bf2 Raf8 21.Re1 Qf7 22.Rc1 g4
23.Bxd4 exd4 24.fxg4 Re5 25.Rc2 Qg6 26.Rce2 Rfe8 27.Ng3 Rxe2 28.Rxe2 Rxe2
29.Qxe2 Qb1+ 30.Kf2 Be5 31.Qd2 h6 32.b3 d3 33.Ke3 Qg1+ 34.Kxd3 Qd4+ 35.Kc2 Qxg4
36.Qd3 Bxg3 37.hxg3 h5 38.Qf3 Qg6+ 39.Kc3 a6 40.Qf4 Kg7 41.Kd2 Qb1 42.Qg5+ Qg6
43.Qe7+ Kh6 44.Qe3+ Qg5 45.Qf4 Kg6 46.a4 a5 47.Ke2 Qf5 48.Qe3 Kf7 49.Qf3 Kg6
50.Kf2 Qg5 51.Kg1 Qf5 52.Kh2 Qg4 53.Qf8 Qd7 54.Qg8+ Kf6 55.Qb8 b6 56.Qf8+ Kg6
57.Qh8 Kg5 58.Qd4 Kg6 59.Qf4 Qg4 60.Qe3 Kf7  1/2-1/2

[Event "6th V.Nabokov Mem"]
[Site "Kyiv UKR"]
[Date "2008.04.06"]
[Round "3"]
[White "Nyzhnyk,I"]
[Black "Kruppa,Y"]
[Result "1/2-1/2"]
[WhiteElo "2397"]
[BlackElo "2543"]

1.d4 Nf6 2.c4 g6 3.Nc3 Bg7 4.e4 d6 5.Nf3 O-O 6.Be2 Na6 7.O-O e5 8.Be3 Ng4
9.Bg5 Qe8 10.h3 exd4 11.Nxd4 Nf6 12.Bf3 h6 13.Be3 Nh7 14.Bg4 Ng5 15.Bxc8 Rxc8
16.Qg4 Nc5 17.Nd5 Nge6 18.Nf5 h5 19.Qh4 Qd8 20.Nde7+ Kh7 21.Bxc5 Nxc5 22.Nxc8 Qxh4
23.Nxh4 Rxc8 24.Rab1 Nxe4 25.Nf3 f5 26.Rfe1 Bf6 27.Re2 h4 28.Rd1 Kg7 29.Nd2 Nc5
30.b3 Kf7 31.Nf3 Ne4 32.Re3  1/2-1/2

[Event "II Ruy Lopez IM"]
[Site "Merida ESP"]
[Date "2008.04.06"]
[Round "3"]
[White "Vitor,A"]
[Black "Cabezas Ayala,I"]
[Result "1-0"]
[WhiteElo "2368"]
[BlackElo "2321"]

1.Nf3 Nf6 2.c4 g6 3.Nc3 Bg7 4.e4 d6 5.d4 O-O 6.Be2 e5 7.O-O c6 8.Be3 exd4
9.Nxd4 Re8 10.Qc2 Qe7 11.Bf3 Bg4 12.Rad1 Nbd7 13.Bxg4 Nxg4 14.Bf4 Be5 15.Qd2 Rad8
16.f3 Ngf6 17.Bg5 c5 18.Nde2 Qe6 19.Nd5 Rc8 20.b3 Nb6 21.Nef4 Bxf4 22.Nxf6+ Qxf6
23.Qxf4 Qxf4 24.Bxf4 f6 25.Rxd6 Kf7 26.Rfd1 Re7 27.Kf2 Na8 28.Rd7 b6 29.Rd8 Rxd8
30.Rxd8 Nc7 31.Bd6  1-0

[Event "TCh-RUS Major League"]
[Site "Dagomys RUS"]
[Date "2008.04.07"]
[Round "5"]
[White "Chuprikov,D"]
[Black "Abasheev,D"]
[Result "1/2-1/2"]
[WhiteElo "2461"]
[BlackElo "2428"]

1.d4 Nf6 2.c4 g6 3.Nc3 Bg7 4.e4 d6 5.Nf3 O-O 6.Be2 e5 7.Be3 Na6 8.O-O h6
9.dxe5 Ng4 10.Bd2 dxe5 11.h3 Nf6 12.Be3 Nh5 13.Qxd8 Rxd8 14.Rfd1 Be6 15.a3 Nf4
16.Bf1 f5 17.b4 Rxd1 18.Rxd1 c6 19.Nd2 Bf8 20.Nf3 Bg7 21.Nd2 Bf8 22.Nf3 b6
23.Bxf4 exf4 24.Nd4 Bd7 25.exf5 gxf5 26.Nde2 Be8 27.Nxf4 Nc7 28.Bd3 Bg7 29.Nce2 Rd8
30.Rc1 Bd7 31.b5 cxb5 32.cxb5 Be5 33.a4 Ne8 34.Bc4+ Kg7 35.Nh5+ Kh7 36.Nef4 Nd6
37.Bb3 Rc8 38.Re1 Re8 39.Rd1 Bc8 40.Bd5 Bc3 41.Rd3 Be5 42.Bc6 Rd8 43.Re3 Nc4
44.Re1 Bd6 45.Nf6+ Kh8 46.N6d5 Nb2 47.g3 Kg7 48.Kg2 Kf7 49.Rc1 Nxa4 50.Ra1 Bxf4
51.Nxf4 Rd4 52.h4 Be6 53.Nxe6 Kxe6 54.Re1+ Kf6 55.Re8 f4 56.Ra8 fxg3 57.fxg3 Nb2
58.Rxa7  1/2-1/2

[Event "TCh-RUS Major League"]
[Site "Dagomys RUS"]
[Date "2008.04.07"]
[Round "5"]
[White "Slupskiy,S"]
[Black "Gubajdullin,A"]
[Result "0-1"]
[WhiteElo "2275"]
[BlackElo "2456"]

1.d4 g6 2.Nf3 Nf6 3.c4 Bg7 4.Nc3 O-O 5.e4 d6 6.Be2 Nbd7 7.O-O e5 8.dxe5 dxe5
9.Qc2 c6 10.b3 Qe7 11.a4 a5 12.Ba3 Nc5 13.Ne1 Ne8 14.Nd3 b6 15.Na2 Nc7 16.Nac1 N7e6
17.b4 Nd4 18.Qd1 Nxd3 19.Nxd3 axb4 20.Nxb4 Qc7 21.Nc2 Rd8 22.Nxd4 exd4 23.Bd3 c5
24.Bc1 Bd7 25.Bd2 Ra6 26.Ra3 Rda8 27.Bc2  0-1

[Event "TCh-RUS Major League"]
[Site "Dagomys RUS"]
[Date "2008.04.07"]
[Round "5"]
[White "Kljucharev,S"]
[Black "Gladyszev,O"]
[Result "1/2-1/2"]
[WhiteElo "2400"]
[BlackElo "2497"]

1.Nf3 Nf6 2.c4 g6 3.Nc3 Bg7 4.e4 d6 5.d4 O-O 6.Be2 e5 7.d5 a5 8.Be3 Ng4 9.Bg5 f6
10.Bh4 Na6 11.Nd2 h5 12.h3 Nh6 13.g4 hxg4 14.hxg4 Nf7 15.f3 Bh6 16.Bf2 Kg7
17.Bd3 Bd7 18.Qe2 Rh8 19.O-O-O Qe7 20.Kb1 Nb4 21.Ka1 Bf4 22.a3 Nxd3 23.Qxd3 Rxh1
24.Rxh1 Rh8 25.Rxh8 Kxh8 26.Ne2  1/2-1/2

[Event "TCh-RUS w"]
[Site "Dagomys RUS"]
[Date "2008.04.07"]
[Round "6"]
[White "Gromova,I"]
[Black "Ivkina,O"]
[Result "0-1"]
[WhiteElo "2232"]
[BlackElo "2278"]

1.d4 Nf6 2.c4 g6 3.Nc3 Bg7 4.e4 d6 5.Be2 O-O 6.Nf3 Na6 7.O-O e5 8.Be3 Ng4
9.Bg5 Qe8 10.c5 exd4 11.Nd5 Nxc5 12.Nxc7 Qxe4 13.Re1 d3 14.Bf1 Qc6 15.Nxa8 Bf5
16.Nh4 Bd7 17.Bxd3 Rxa8 18.Be2 Nxf2 19.Bf3 Qb6 20.Qe2 Nfd3 21.Be3 Nxe1 22.Rxe1 Re8
23.Bd5 Qxb2 24.Qf3 Qf6 25.Qxf6 Bxf6 26.Rf1 Rxe3 27.Rxf6 Be6  0-1

[Event "TCh-RUS w"]
[Site "Dagomys RUS"]
[Date "2008.04.08"]
[Round "7"]
[White "Fominykh,M"]
[Black "Nebolsina,V"]
[Result "0-1"]
[WhiteElo "2314"]
[BlackElo "2345"]

1.d4 Nf6 2.Nf3 g6 3.c4 Bg7 4.Nc3 O-O 5.e4 d6 6.Be2 Na6 7.O-O e5 8.Be3 h6
9.h3 exd4 10.Bxd4 Re8 11.e5 dxe5 12.Bxe5 Bf5 13.g4 Bd7 14.Qd4 Nb4 15.Qf4 g5
16.Qg3 Rc8 17.Rad1 Nc6 18.Bxf6 Bxf6 19.Bd3 Bxc3 20.bxc3 Qf6 21.Nd4 Qe5 22.Kh2 Qxg3+
23.Kxg3 Ne5 24.Bf5 Rcd8 25.c5 Ba4 26.Rb1 b6 27.Rb4 Bd7 28.Bxd7 Rxd7 29.Ra4 Rd5
30.Rxa7 Rxc5 31.Nf5 Rxc3+ 32.f3 Kh7 33.h4 h5 34.hxg5 hxg4 35.Nh4 gxf3 36.Nxf3 Kg6
37.a4 Rd8 38.Kf4 Nd3+ 39.Kg4 Rc4+ 40.Kg3 Re8 41.a5 Re3 42.axb6 cxb6 43.Ra3 Kf5
44.Rb3 Rg4+ 45.Kh2 Re2+ 46.Kh1 Nf2+ 47.Kh2 Nd3+ 48.Kh1 Ke4 49.Rd1 Rf4 50.Rf1 b5
51.Kg1 Rg4+ 52.Kh1 Rg3 53.Ng1 Rd2 54.Rxb5 Nf2+ 55.Kh2 Rdd3 56.Rb4+ Kd5 57.Rb5+ Kc6
58.Rf5 Ng4+  0-1

[Event "TCh-RUS w"]
[Site "Dagomys RUS"]
[Date "2008.04.08"]
[Round "7"]
[White "Javakhishvili,L"]
[Black "Paehtz,E"]
[Result "0-1"]
[WhiteElo "2466"]
[BlackElo "2449"]

1.c4 d6 2.d4 Nf6 3.Nc3 Nbd7 4.e4 e5 5.Nf3 g6 6.Be2 Bg7 7.O-O O-O 8.Be3 h6
9.dxe5 dxe5 10.Nd2 Nh7 11.c5 Ng5 12.Nb3 Ne6 13.Qd2 Kh7 14.Bc4 Re8 15.Bxe6 Rxe6
16.f4 Re8 17.Rad1 c6 18.f5 g5 19.Qe2 Qc7 20.h4 gxh4 21.Qh5 Nf6 22.Qxh4 Ng8
23.Nd2 Qe7 24.Qh3 b5 25.Nf3 b4 26.Ne2 Ba6 27.Rf2 Rad8 28.Rdf1 Rd3 29.Ne1 Rxe3
30.Qxe3 Nf6 31.a3 Ng4 32.Qf3 Nxf2 33.Rxf2 Bxe2 34.Qxe2 bxa3 35.bxa3 Qxc5
36.Nd3 Qd4 37.Nb4 Bf6 38.Kh1 Rg8 39.Nxc6 Qa1+ 40.Qf1 Qxa3 41.Qc4 Rg7 42.Nb4 Qa1+
43.Qf1 Qa4 44.Nd5 Bh4 45.Re2 Rg3 46.f6 Rg5 47.g4 h5 48.Ne7 Qb5 49.Nd5 Rxg4
50.Ne3 Rf4 51.Qg1 Bxf6 52.Ra2 Qd3  0-1

[Event "TCh-RUS Major League"]
[Site "Dagomys RUS"]
[Date "2008.04.09"]
[Round "7"]
[White "Slugin,S"]
[Black "Sokolov,D"]
[Result "1/2-1/2"]
[WhiteElo "2425"]
[BlackElo "2403"]

1.d4 Nf6 2.c4 g6 3.Nc3 Bg7 4.e4 d6 5.Be2 O-O 6.Nf3 e5 7.Be3 exd4 8.Nxd4 Re8
9.f3 c6 10.Bf2 d5 11.exd5 cxd5 12.O-O Nc6 13.c5 Nh5 14.Qd2 Be5 15.g3 Ng7
16.Rfd1 Ne6 17.Nb3 d4 18.Ne4 f5 19.Nd6 Bxd6 20.cxd6 Qxd6 21.Rac1 Bd7 22.Nxd4 Nexd4
23.Bxd4 Qxd4+ 24.Qxd4 Nxd4 25.Rxd4 Rxe2 26.Rxd7 Rxb2 27.Rcc7 Re8 28.Rg7+ Kh8
29.Rxh7+ Kg8 30.Rhg7+  1/2-1/2

[Event "Gausdal Classics GMB"]
[Site "Gausdal NOR"]
[Date "2008.04.09"]
[Round "2"]
[White "Akesson,R"]
[Black "Welling,G"]
[Result "1/2-1/2"]
[WhiteElo "2466"]
[BlackElo "2378"]

1.Nf3 d6 2.d4 Nf6 3.c4 Nbd7 4.Nc3 g6 5.e4 e5 6.Be2 Bg7 7.O-O O-O 8.Be3 Re8
9.d5 Nh5 10.g3 Bf8 11.Ne1 Ng7 12.Nd3 f5 13.b4 Be7 14.f3 Nf6 15.c5 h5 16.Rc1 h4
17.g4 Bd7 18.Kh1 fxg4 19.fxg4 Nh7 20.Qd2 Bg5 21.b5 Bxe3 22.Qxe3 Qg5 23.Qxg5 Nxg5
24.cxd6 cxd6 25.Rf6 Rac8 26.Rxg6 Nf7 27.Rf6 Rc7 28.Nf2 Rec8 29.Rf3 Ng5 30.Re3 Ne8
31.Nfd1 Nf6 32.b6 axb6 33.Rb1 b5 34.h3 Rc5 35.Kg2 Be8 36.Rb4 Ra8 37.Kf1 Ra3
38.Ke1 Ra5 39.Kd2 Kf8 40.Bd3 Ke7 41.Rb3 Bd7 42.a3 Nfh7 43.Kc2 Nf8 44.Kb2 Ng6
45.Rb4 Nf4 46.Bf1 Ra8 47.Nb1 Rf8 48.Nd2 Bxg4 49.hxg4 h3 50.Bxh3 Nfxh3 51.Reb3 Nf2
52.Ne3 Rf4 53.Rxb5 Nd3+ 54.Ka1 Rc1+ 55.Rb1 Rxb1+ 56.Kxb1 Nc5 57.Nf5+ Kd7
58.Nxd6 Ngxe4 59.N6xe4 Nxe4 60.Nxe4 Rxe4 61.Rxb7+ Kd6 62.Rb4 Re2 63.a4 Kxd5
64.a5 Kc5 65.Ra4 Kb5 66.Ra3 Kb4  1/2-1/2

[Event "ch-SRB w"]
[Site "Kac SRB"]
[Date "2008.04.09"]
[Round "11"]
[White "Jovanovic,Vi"]
[Black "Rakic,Ma"]
[Result "1/2-1/2"]
[WhiteElo "2175"]
[BlackElo "2218"]

1.Nf3 Nf6 2.c4 g6 3.Nc3 Bg7 4.e4 d6 5.d4 O-O 6.Be2 c6 7.O-O e5 8.d5 cxd5
9.cxd5 Nbd7 10.Be3 Ne8 11.Nd2 f5 12.f3 f4 13.Bf2 h5 14.Rc1 g5 15.Nb5 b6 16.Qc2 Ba6
17.Qa4 Bb7 18.Nc4 Nc5 19.Qa3 a5 20.Nbxd6 Nxd6 21.Nxb6 Ncxe4 22.Nxa8 Qxa8
23.fxe4 Nxe4 24.Rc7 Bxd5 25.Bxh5 Qd8 26.Bb6 Qf6 27.Qxa5 Kh8 28.Bc5 Ra8 29.Ba7 Rd8
30.Rd1 Bg8 31.Rcd7 Rxd7 32.Rxd7 Qf5 33.Rd8 g4 34.Qa4 f3 35.Qc2 fxg2 36.Qxg2 Qg5
37.Qxe4 Qxd8 38.Qxg4 Bxa2 39.Bg6 Kg8 40.Qh5 Qc7 41.Bh7+ Kf8 42.Qf3+ Bf7 43.Be3 Qa5
44.Qd1 Qb4 45.Bf2 Bf6 46.Qe2 Bd5 47.Be3 Qa4 48.Bd3 Qa1+ 49.Qf1 Qxf1+ 50.Bxf1 Bb3
51.Bd2 Kf7 52.Bc3 Ke6 53.Kf2 Kf5 54.Kg3 Bg5 55.Bh3+ Ke4 56.Kg4 Bf4 57.Bg2+ Ke3
58.h4 Be6+ 59.Kh5 Bf7+ 60.Kg4 Be6+  1/2-1/2

[Event "TCh-RUS Major League"]
[Site "Dagomys RUS"]
[Date "2008.04.10"]
[Round "8"]
[White "Belov,Vl"]
[Black "Shimanov,A"]
[Result "1/2-1/2"]
[WhiteElo "2571"]
[BlackElo "2480"]

1.d4 Nf6 2.c4 g6 3.Nc3 Bg7 4.e4 d6 5.Nf3 O-O 6.Be2 e5 7.d5 a5 8.Bg5 h6 9.Bh4 Na6
10.Nd2 Qe8 11.Bxf6 Bxf6 12.Bg4 Bg5 13.Bxc8 Rxc8 14.h4 Bxd2+ 15.Qxd2 Kg7 16.h5 f5
17.hxg6 Qxg6 18.O-O-O fxe4 19.Rh3 Rf4 20.Rdh1 Rh8 21.Rg3 Rg4 22.Rhh3 Kf7
23.Qe2 Rg8 24.Rxg4 Qxg4 25.Qxg4 Rxg4 26.Rxh6 Kg7 27.Rh3 Rxg2 28.Nxe4 Rg4
29.Rg3 Rxg3 30.fxg3 Kg6 31.g4 b6 32.Kd2  1/2-1/2

[Event "6th V.Nabokov Mem"]
[Site "Kyiv UKR"]
[Date "2008.04.10"]
[Round "8"]
[White "Kruppa,Y"]
[Black "Moliboga,V"]
[Result "1/2-1/2"]
[WhiteElo "2543"]
[BlackElo "2271"]

1.d4 Nf6 2.c4 g6 3.Nc3 Bg7 4.e4 d6 5.Nf3 O-O 6.Be2 e5 7.Be3 Ng4 8.Bg5 f6
9.Bc1 f5 10.dxe5 Nxe5 11.exf5 Bxf5 12.Nd4 Nd3+ 13.Bxd3 Bxd4 14.Bxf5 Bxc3+
15.bxc3 Rxf5 16.c5 d5 17.O-O Nc6 18.Be3 b5 19.Qe2 a6 20.a4 b4 21.cxb4 Nxb4
22.Bd2 a5 23.Rfd1 Qe8 24.Qg4 Nc6 25.Be3  1/2-1/2

[Event "II Ruy Lopez IM"]
[Site "Merida ESP"]
[Date "2008.04.10"]
[Round "8"]
[White "Vitor,A"]
[Black "Frois,A"]
[Result "1/2-1/2"]
[WhiteElo "2368"]
[BlackElo "2370"]

1.d4 Nf6 2.Nf3 g6 3.c4 Bg7 4.Nc3 O-O 5.e4 d6 6.Be2 e5 7.O-O c6 8.Re1 exd4
9.Nxd4 Re8 10.Bf1 Ng4 11.h3 Qb6 12.hxg4 Qxd4 13.g5 Qxd1 14.Rxd1 Be6 15.Na4 Na6
16.Be3 Nc5 17.Nxc5 dxc5 18.Rd2  1/2-1/2

[Event "Gausdal Classics GMB"]
[Site "Gausdal NOR"]
[Date "2008.04.11"]
[Round "4"]
[White "Stips,F"]
[Black "Hansen,Pa"]
[Result "1-0"]
[WhiteElo "2102"]
[BlackElo "2095"]

1.Nf3 Nf6 2.c4 g6 3.Nc3 Bg7 4.e4 d6 5.d4 O-O 6.Be2 e5 7.Be3 Nc6 8.d5 Ne7
9.Nd2 Nd7 10.f3 f5 11.b4 Nf6 12.c5 Nh5 13.O-O Nf4 14.cxd6 cxd6 15.Rc1 Bd7
16.Bb5 Bh6 17.Bf2 Bxb5 18.Nxb5 Nd3 19.Rc3 Nxf2 20.Rxf2 Qb6 21.a4 Bxd2 22.Qxd2 fxe4
23.fxe4 Rf4 24.Qe3 Nc8 25.Qxb6 axb6 26.Rxf4 exf4 27.Rc7  1-0

[Event "6th V.Nabokov Mem"]
[Site "Kyiv UKR"]
[Date "2008.04.12"]
[Round "10"]
[White "Kruppa,Y"]
[Black "Baryshpolets,A"]
[Result "1/2-1/2"]
[WhiteElo "2543"]
[BlackElo "2409"]

1.d4 Nf6 2.c4 g6 3.Nc3 Bg7 4.e4 d6 5.Nf3 O-O 6.Be2 e5 7.Be3 Ng4 8.Bg5 f6
9.Bc1 f5 10.exf5 exd4 11.Bg5 Qd7 12.Nd5 gxf5 13.h3 Ne5 14.Nxd4 Ng6 15.h4 h6
16.Bc1 Na6 17.Bh5 Ne5 18.O-O Nc5 19.Qe2 c6 20.Nf4 a5 21.Rd1 a4 22.Rb1 Qd8
23.g3 Qb6 24.Qc2 Bd7 25.Be2 Rf7 26.Be3 Qb4 27.Nh5 Bf8 28.Nf4 Bg7 29.Kh1 Kh8
30.Nh5 Bf8 31.Rg1 Qa5 32.Rbd1 Qc7 33.Rg2 Qa5 34.Bd2 Qb6 35.Be3 Qa5 36.Nf4 Bg7
37.Bh5 Rf6 38.Rdg1 Rg8 39.Be2 Bf8 40.f3 Qd8 41.b4 axb3 42.axb3 Ng6 43.b4 Nxf4
44.Bxf4 Ne6 45.Nxe6 Bxe6 46.Rd1 Rfg6 47.h5 Rg5 48.Bxg5 Qxg5 49.f4 Qf6 50.Bf3 Qf7
51.Rc1 Bg7 52.Qd3 Rd8 53.b5 d5 54.Re2 Qf6 55.c5 Ra8 56.Rce1 Bd7 57.Re7 Rd8
58.R7e2 Bf8 59.bxc6 bxc6 60.Qa3 Qd4 61.Qa5 Rc8 62.Qa7 Qg7 63.Kh2 Rd8 64.Kg2 Qf6
65.Re5 Kg8 66.Rb1 Qf7 67.Rb7 Bg7 68.Re2 Bf8 69.Qa5 Qf6 70.Qa7 Be8 71.Qa5 Rc8
72.Ra7 Qd4 73.Rc2 Bxh5 74.Qc3 Bxf3+ 75.Kxf3 Qe4+ 76.Kf2 Re8 77.Rc7 Qh1 78.Rxc6 Qh2+
79.Kf3 Qh1+ 80.Kf2 Qh2+ 81.Kf1 Qh1+ 82.Kf2 Qh2+  1/2-1/2

[Event "ch-NED"]
[Site "Hilversum NED"]
[Date "2008.04.13"]
[Round "11"]
[White "L'Ami,E"]
[Black "Bosboom,M"]
[Result "0-1"]
[WhiteElo "2600"]
[BlackElo "2471"]

1.d4 Nf6 2.c4 d6 3.Nf3 g6 4.Nc3 Bg7 5.e4 O-O 6.Be2 Nbd7 7.O-O e5 8.Qc2 exd4
9.Nxd4 Re8 10.Rd1 c6 11.Bg5 h6 12.Bh4 Qb6 13.Nb3 a5 14.Rab1 a4 15.Nd2 Nc5
16.Kh1 Ne6 17.Nxa4 Qa6 18.Nc3 Nd4 19.Qd3 Nxe2 20.Qxe2 g5 21.Bg3 d5 22.e5 Bf5
23.Rbc1 Bg6 24.Re1 d4 25.Nce4 Nh5 26.Qd3 Nxg3+ 27.Qxg3 Rxe5 28.a3 Rae8 29.f3 c5
30.Nxc5 Qc6 31.b4 b6 32.Ncb3 Bc2 33.Rxe5 Bxe5 34.Qf2 d3 35.Nd4 Qd7 36.Nb5 Bf4
37.Re1 Bxd2  0-1

[Event "10th Open"]
[Site "Dubai UAE"]
[Date "2008.04.14"]
[Round "9"]
[White "Mohota,N"]
[Black "Narayanan,Sr"]
[Result "1/2-1/2"]
[WhiteElo "2400"]
[BlackElo "2220"]

1.d4 Nf6 2.Nf3 g6 3.c4 Bg7 4.Nc3 O-O 5.e4 d6 6.Be2 e5 7.Be3 Ng4 8.Bg5 f6
9.Bh4 g5 10.Bg3 Nh6 11.d5 Nd7 12.Nd2 f5 13.exf5 Nf6 14.Nde4 Nxe4 15.Nxe4 Bxf5
16.Bd3 g4 17.O-O Qe8 18.c5 Qg6 19.Re1 Nf7 20.Bh4 Qh6 21.g3 Qg6 22.Rc1 Bh6
23.Rc4 Bg5 24.cxd6 cxd6 25.Bxg5 Nxg5 26.Nxg5 Bxd3 27.Rc7 Bf5 28.Ne6 Bxe6
29.dxe6 Qxe6 30.Rxb7 Rf3 31.Qc2 Rf7 32.Rxf7 Qxf7 33.Qe4 Rf8 34.Qxg4+ Kh8
35.Re2 Qxa2 36.h4 Qb1+ 37.Kg2  1/2-1/2